01603cam a22003497a 4500003000500000005001700005008004100022010001000063011001000073020001500083035001000098040000900108082001600117110009900133245016000232260011000392300001900502500004600521590004100567590004100608590004100649590004200690650003700732901000700769905002300776942001000799949006600809949007800875999001700953952013600970952014701106CHAP20220329142316.0000606s2000 mx a r 00010 spa d a81413 a82385 a9687798858 a92877 cCHAP04a378.155bA82 aAsociación Nacional de Universidades e Instituciones de Educación Superior. México9809410aAcciones de transformación de las universidades públicas mexicanasc/por Asociación Nacional de Universidades e Instituciones de Educación Superior aMéxico, D. F. :bAsociación Nacional de Universidades e Instituciones de Educación Superior,c2000- av. :bgráfs. aLa bilioteca tiene : 1994-1999, 1994-2003 aBATCH-UPDb10c20130110lUCH01h1922 aBATCH-UPDb10c20130410lUCH01h1248 aBATCH-UPDb10c20130914lUCH01h2058 aCONVERSIONb10c20130109lUCH01h134514aUniversidadesxMéxico.9116657 aBK aLilia Sánchez G. cLIBRO a378.155 A8bBCcLIBROd33724000779138eLIBROh98128i92877si a378.155 A8bBCcLIBROd33724000993127eLIBROf1994-2003h107626i92877sb c81413d81413 00102ddc4052708GRALaBCbBCcPA_GRALd2019-12-31fLIBROl0o378.155 A8p33724000779138r2019-12-31 00:00:00w2019-12-31yLIBRO 00102ddc4052708GRALaBCbBCcPA_GRALd2019-12-31fLIBROl0o378.155 A8p33724000993127r2019-12-31 00:00:00t1994-2003w2019-12-31yLIBRO